[Event "85th Tata Steel Challengers 2023"]
[Site "Wijk aan Zee"]
[Date "2023.01.16"]
[Round "3.3"]
[White "Tabatabaei, M. Amin"]
[Black "Supi, Luis Paulo"]
[Result "1/2-1/2"]
[WhiteElo "2686"]
[BlackElo "2608"]
[Annotator "TA"]
[PlyCount "97"]
[EventDate "2023.01.10"]
[EventType "tourn"]
[EventCountry "NED"]
[SourceTitle "playchess.com"]
[Source "ChessBase"]
[SourceQuality "1"]

1. e4 c5 2. Nf3 d6 3. d4 cxd4 4. Nxd4 Nf6 5. Nc3 a6 6. Qd3 Nbd7 7. Be2 e6 8. a4 b6 9. O-O Bb7 10. Qg3 Nxe4 11. Nxe4 Bxe4 12. Re1 Nf6 13. a5 bxa5 14. Bd2 Be7 15. Bxa5 Qd7 16. Bc3 O-O 17. Bd3 Bxd3 18. Qxd3 Qb7 19. Ra5 Nd5 20. Nf5 Nxc3 21. Nxe7+ Qxe7 22. Qxc3 h6 23. Qd3 Qb7 24. Qxd6 Qxb2 25. Rxa6 Rxa6 26. Qxa6 Qxc2 27. Qe2 Qc5 28. Qe3 Qe7 29. g3 Rd8 30. h4 Qb4 31. Kg2 Re8 32. Qe4 Qb5 33. Rb1 Qc5 34. Qf3 Qd6 35. Rb7 Rf8 36. Ra7 e5 37. Qb7 Qe6 38. Ra6 Qf5 39. Qf3 Qc2 40. Qd5 e4 41. Ra2 Qb1 42. Ra8 g6 43. Rxf8+ Kxf8 44. Qd8+ Kg7 45. Qd4+ Kh7 46. Qd5 Kg7 47. Qe5+ Kh7 48. Qd5 Kg7 49. Qe5+ 1/2-1/2

[Event "84th Tata Steel Challengers 2022"]
[Site "Wijk aan Zee"]
[Date "2022.01.17"]
[Round "3.3"]
[White "Ganguly, Surya Shekhar"]
[Black "Warmerdam, Max"]
[Result "1/2-1/2"]
[WhiteElo "2627"]
[BlackElo "2599"]
[Annotator "TA"]
[PlyCount "75"]
[EventDate "2022.01.15"]
[EventType "tourn"]
[EventCountry "NED"]
[SourceTitle "playchess.com"]
[Source "ChessBase"]
[SourceQuality "1"]

1. d4 d5 2. c4 e6 3. Nf3 Nf6 4. g3 Bb4+ 5. Bd2 Be7 6. Bg2 O-O 7. O-O Nbd7 8. a4 a5 9. Qc2 c6 10. Rc1 Ne4 11. Be1 f5 12. e3 g5 13. Nfd2 Ndf6 14. f3 Nd6 15. Rd1 g4 16. c5 Nde8 17. f4 h5 18. Nc3 Ne4 19. Nb3 Qc7 20. Nc1 Bd8 21. Nd3 N8f6 22. Ne5 Qh7 23. Bf1 Nd7 24. Nxe4 fxe4 25. h3 Nxe5 26. dxe5 gxh3 27. Qh2 b6 28. b4 axb4 29. Bxb4 Be7 30. Rdc1 Qg6 31. Qxh3 Ba6 32. Ra2 Bxf1 33. Kxf1 Rfb8 34. cxb6 Bxb4 35. Rxc6 Qg4 36. Qxg4+ hxg4 37. Rxe6 Ra6 38. Rg6+ 1/2-1/2

[Event "Tata Steel Tienkampen 2023"]
[Site "Wijk aan Zee"]
[Date "2023.01.22"]
[Round "3.3"]
[White "Martins, Vinicius Tine"]
[Black "De Winter, Arthur"]
[Result "1/2-1/2"]
[WhiteElo "2320"]
[BlackElo "2371"]
[Annotator "TA"]
[PlyCount "76"]
[EventDate "2023.01.20"]
[EventType "swiss"]
[EventCountry "NED"]
[SourceTitle "playchess.com"]
[Source "ChessBase"]
[SourceQuality "1"]

1. Nf3 Nf6 2. c4 g6 3. b3 Bg7 4. Bb2 O-O 5. g3 d6 6. Bg2 e5 7. d3 c5 8. O-O Nc6 9. Nc3 h6 10. Nd2 Be6 11. Nd5 Bxd5 12. cxd5 Nb4 13. Ne4 Nfxd5 14. Nd2 e4 15. Bxg7 Kxg7 16. Nxe4 f5 17. a3 Nc6 18. Ng5 hxg5 19. Bxd5 Rc8 20. Qd2 Qf6 21. b4 b6 22. Bxc6 Rxc6 23. b5 Rc7 24. a4 a5 25. bxa6 Ra8 26. Rfb1 Rxa6 27. Ra2 Rca7 28. Rab2 d5 29. Qc1 Rc7 30. d4 Qxd4 31. Rxb6 Rxb6 32. Rxb6 c4 33. a5 f4 34. Qb1 Qe4 35. Qxe4 dxe4 36. gxf4 c3 37. Rb1 gxf4 38. Kg2 Kf6 1/2-1/2

[Event "85th Tata Steel Masters 2023"]
[Site "Wijk aan Zee"]
[Date "2023.01.16"]
[Round "3.4"]
[White "Caruana, Fabiano"]
[Black "Van Foreest, Jorden"]
[Result "1-0"]
[WhiteElo "2766"]
[BlackElo "2681"]
[Annotator "TA"]
[PlyCount "91"]
[EventDate "2023.01.10"]
[EventType "tourn"]
[EventCountry "NED"]
[SourceTitle "playchess.com"]
[Source "ChessBase"]
[SourceQuality "1"]

1. e4 e5 2. Nf3 Nf6 3. Nxe5 d6 4. Nf3 Nxe4 5. d4 d5 6. Bd3 Be6 7. O-O f5 8. Qe2 Be7 9. Ne5 Nd7 10. Nxd7 Qxd7 11. f3 O-O 12. Bf4 Bf6 13. c3 g5 14. Be5 Nd6 15. f4 g4 16. Na3 Rae8 17. Nc2 Bd8 18. Rad1 c6 19. Ne3 b5 20. a4 bxa4 21. Qc2 h5 22. Kh1 a3 23. bxa3 Nc4 24. Bxc4 dxc4 25. Kg1 h4 26. Nxg4 Bd5 27. Ne3 Be4 28. Qe2 Bd3 29. Rxd3 cxd3 30. Qxd3 Re6 31. Rb1 Rg6 32. Rb8 Qf7 33. c4 c5 34. dxc5 Be7 35. Rb7 Qe6 36. Rc7 Rc8 37. Rxc8+ Qxc8 38. Qd5+ Kf8 39. Bd6 Qe6 40. Qxe6 Rxe6 41. Nxf5 Bxd6 42. cxd6 Re1+ 43. Kf2 Rc1 44. Ke3 Ke8 45. Kd4 Rc2 46. c5 1-0

[Event "82nd Tata Steel Masters 2020"]
[Site "Wijk aan Zee"]
[Date "2020.01.13"]
[Round "3.4"]
[White "Vitiugov, Nikita"]
[Black "So, Wesley"]
[Result "1/2-1/2"]
[WhiteElo "2747"]
[BlackElo "2765"]
[Annotator "TA"]
[PlyCount "76"]
[EventDate "2020.01.11"]
[EventType "tourn"]
[EventCountry "NED"]
[SourceTitle "playchess.com"]
[Source "ChessBase"]
[SourceQuality "1"]

1. e4 e5 2. Nf3 Nc6 3. Bb5 a6 4. Ba4 Nf6 5. O-O Nxe4 6. d4 b5 7. Bb3 d5 8. dxe5 Be6 9. c3 Be7 10. Be3 O-O 11. Nbd2 Bg4 12. Nxe4 dxe4 13. Qd5 Qxd5 14. Bxd5 exf3 15. Bxc6 fxg2 16. Rfe1 Rad8 17. a4 b4 18. cxb4 Bxb4 19. Rec1 Bd2 20. Bxd2 Rxd2 21. b4 f6 22. b5 a5 23. Bxg2 fxe5 24. Rxc7 Bf3 25. Bxf3 Rxf3 26. Rf1 Rf4 27. b6 Rb2 28. b7 Rf7 29. Rc8+ Rf8 30. Rxf8+ Kxf8 31. Re1 Rxb7 32. Rxe5 Rb4 33. Rxa5 Kf7 34. Kg2 h5 35. Kg3 Rg4+ 36. Kf3 Rh4 37. Kg3 Rg4+ 38. Kf3 Rh4 1/2-1/2

[Event "84th Tata Steel Masters 2022"]
[Site "Wijk aan Zee"]
[Date "2022.01.17"]
[Round "3.4"]
[White "Van Foreest, Jorden"]
[Black "Praggnanandhaa R"]
[Result "1-0"]
[WhiteElo "2702"]
[BlackElo "2612"]
[Annotator "TA"]
[PlyCount "111"]
[EventDate "2022.01.15"]
[EventType "tourn"]
[EventCountry "NED"]
[SourceTitle "playchess.com"]
[Source "ChessBase"]
[SourceQuality "1"]

1. e4 c5 2. Nf3 Nc6 3. Bc4 e6 4. O-O d5 5. Bb5 dxe4 6. Ne5 Qc7 7. Nxc6 bxc6 8. Bc4 Bd6 9. Kh1 Nf6 10. Nc3 e5 11. f3 exf3 12. Qxf3 O-O 13. d3 Be6 14. Bxe6 fxe6 15. Bg5 Qd7 16. Bxf6 gxf6 17. Ne4 f5 18. Nxd6 Qxd6 19. Rae1 f4 20. Re4 Rab8 21. b3 Rb4 22. Rfe1 Rf5 23. Qe2 Rxe4 24. Qg4+ Kh8 25. Rxe4 f3 26. gxf3 Qf8 27. Qg3 h6 28. Kg2 Qf6 29. Rg4 Kh7 30. Qh4 Qxh4 31. Rxh4 Rf4 32. Rg4 h5 33. Rg5 Rf5 34. Rg3 Rf4 35. Kf2 Rf7 36. Rg5 Rf5 37. Rg1 c4 38. dxc4 e4 39. Rg3 h4 40. Rh3 Kg6 41. Ke3 exf3 42. Rxf3 Ra5 43. a4 Re5+ 44. Kd3 Rg5 45. b4 Rg1 46. b5 c5 47. a5 Rd1+ 48. Ke4 Rd4+ 49. Ke5 Rxc4 50. b6 axb6 51. axb6 Rxc2 52. Rb3 c4 53. Rb1 c3 54. b7 Re2+ 55. Kd4 c2 56. Rg1+ 1-0

[Event "85th Tata Steel Challengers 2023"]
[Site "Wijk aan Zee"]
[Date "2023.01.16"]
[Round "3.4"]
[White "Warmerdam, Max"]
[Black "Roebers, Eline"]
[Result "1/2-1/2"]
[WhiteElo "2616"]
[BlackElo "2361"]
[Annotator "TA"]
[PlyCount "169"]
[EventDate "2023.01.10"]
[EventType "tourn"]
[EventCountry "NED"]
[SourceTitle "playchess.com"]
[Source "ChessBase"]
[SourceQuality "1"]

1. d4 Nf6 2. c4 e6 3. Nf3 Bb4+ 4. Nbd2 O-O 5. a3 Be7 6. e4 d6 7. Be2 e5 8. dxe5 dxe5 9. Nxe5 Re8 10. Nef3 Bf8 11. O-O Nc6 12. Qc2 Bf5 13. Bd3 Bg6 14. Re1 Qd6 15. Qc3 a5 16. h3 Nd7 17. Bc2 Be7 18. Nf1 Bf6 19. Qd2 Qxd2 20. N1xd2 Nc5 21. Rb1 a4 22. g4 Rad8 23. Re2 Na5 24. g5 Be5 25. Nxe5 Rxe5 26. Nf3 Rxe4 27. Bxe4 Bxe4 28. Rxe4 Nxe4 29. Bf4 Nxc4 30. Bxc7 Rd3 31. Re1 f5 32. gxf6 Nxf6 33. Kg2 b5 34. Ne5 Nxe5 35. Bxe5 Kf7 36. Rc1 Nd7 37. Rc7 g6 38. Bc3 Ke6 39. Rc8 Rd5 40. Rh8 Rh5 41. Kg3 Nc5 42. f3 Rg5+ 43. Kf4 Rh5 44. Kg4 Nb7 45. Be1 Nd6 46. Rb8 Rf5 47. Bc3 Nf7 48. f4 Nh6+ 49. Kf3 Nf7 50. Kg3 Rd5 51. Rb6+ Kd7 52. Rb7+ Ke6 53. Rb6+ Kd7 54. Rb7+ Ke6 55. h4 Nd6 56. Rxh7 Kf5 57. Kf3 Rd3+ 58. Ke2 Rh3 59. Rd7 Ke6 60. Rg7 Kf5 61. Rd7 Ke6 62. Rh7 Kf5 63. Bb4 Nc4 64. Rb7 Ke4 65. Rxb5 Rh2+ 66. Ke1 Nxb2 67. Re5+ Kxf4 68. Rb5 Nd3+ 69. Kd1 Ke3 70. Bc5+ Nxc5 71. Rxc5 Rxh4 72. Rg5 Rd4+ 73. Kc2 Rd6 74. Ra5 Rc6+ 75. Kb2 Kf3 76. Rxa4 g5 77. Ra8 Rf6 78. Rg8 g4 79. a4 g3 80. Kb3 g2 81. a5 Rf4 82. a6 Rg4 83. Rxg4 Kxg4 84. a7 g1=Q 85. a8=Q 1/2-1/2

[Event "84th Tata Steel Challengers 2022"]
[Site "Wijk aan Zee"]
[Date "2022.01.17"]
[Round "3.4"]
[White "Zhu, Jiner"]
[Black "Nguyen, Thai Dai Van"]
[Result "0-1"]
[WhiteElo "2478"]
[BlackElo "2609"]
[Annotator "TA"]
[PlyCount "128"]
[EventDate "2022.01.15"]
[EventType "tourn"]
[EventCountry "NED"]
[SourceTitle "playchess.com"]
[Source "ChessBase"]
[SourceQuality "1"]

1. e4 e5 2. Nf3 Nc6 3. Bb5 a6 4. Ba4 Nf6 5. O-O Be7 6. Re1 b5 7. Bb3 O-O 8. c3 d5 9. d4 exd4 10. e5 Ne4 11. cxd4 Bf5 12. Nc3 Nxc3 13. bxc3 h6 14. Nd2 Na5 15. Bc2 Qd7 16. Bxf5 Qxf5 17. Nf1 Nc4 18. f4 Qd7 19. g4 b4 20. f5 bxc3 21. Qf3 Rfe8 22. Qxc3 c5 23. Bf4 cxd4 24. Qxd4 Rac8 25. Qd3 Bg5 26. Bxg5 hxg5 27. Qg3 d4 28. Rad1 Qd5 29. Ne3 Qxe5 30. Nxc4 Qxg3+ 31. hxg3 Rxe1+ 32. Rxe1 Rxc4 33. Re8+ Kh7 34. Rd8 Ra4 35. a3 d3 36. Rxd3 Rxg4 37. Kg2 Ra4 38. Kh3 g6 39. f6 g4+ 40. Kh4 Kh6 41. Rd5 Rc4 42. a4 Rc6 43. Kxg4 Rxf6 44. Rc5 Kg7 45. a5 Rd6 46. Kf4 Rd4+ 47. Kf3 Ra4 48. g4 Kf6 49. g5+ Ke7 50. Rc7+ Ke8 51. Ra7 Rxa5 52. Kg4 Ra1 53. Kg3 a5 54. Kg4 a4 55. Kg3 a3 56. Kh2 a2 57. Ra3 Kd7 58. Ra6 Kc7 59. Ra3 Kd6 60. Ra5 Ke6 61. Ra7 Rf1 62. Rxa2 Kf5 63. Rg2 Kf4 64. Rg3 Rh1+ 0-1

[Event "Tata Steel Tienkampen 2023"]
[Site "Wijk aan Zee"]
[Date "2023.01.22"]
[Round "3.4"]
[White "Pijpers, Arthur"]
[Black "Culum, Sanjin"]
[Result "1-0"]
[WhiteElo "2445"]
[BlackElo "2242"]
[Annotator "TA"]
[PlyCount "99"]
[EventDate "2023.01.20"]
[EventType "swiss"]
[EventCountry "NED"]
[SourceTitle "playchess.com"]
[Source "ChessBase"]
[SourceQuality "1"]

1. e4 c5 2. Nf3 Nc6 3. Bb5 g6 4. O-O Bg7 5. Bxc6 dxc6 6. d3 Nf6 7. Re1 O-O 8. h3 Ne8 9. e5 Nc7 10. a4 a5 11. Be3 Ne6 12. Qc1 Re8 13. Nbd2 b6 14. Ne4 Nd4 15. Bxd4 cxd4 16. Qf4 Qd5 17. Re2 h6 18. Rae1 Be6 19. Ned2 c5 20. b3 Qc6 21. h4 b5 22. Ra1 bxa4 23. Rxa4 Bd7 24. Nc4 Qc7 25. Ra3 h5 26. Qd2 a4 27. e6 Bxe6 28. Rxe6 fxe6 29. bxa4 Rf8 30. Qe2 Ra6 31. Ra1 Qf4 32. a5 e5 33. Rb1 Raf6 34. Qxe5 Qg4 35. Qg5 Qc8 36. Qd5+ Kh8 37. Nce5 Qf5 38. Qxc5 Re6 39. Re1 g5 40. hxg5 h4 41. Qxd4 h3 42. Qh4+ Kg8 43. Qc4 hxg2 44. Nd7 Rf7 45. Qxe6 Qxf3 46. Nf6+ Bxf6 47. g6 Kg7 48. Qxf7+ Kh6 49. Qh7+ Kg5 50. g7 1-0

[Event "84th Tata Steel Masters 2022"]
[Site "Wijk aan Zee"]
[Date "2022.01.17"]
[Round "3.5"]
[White "Giri, Anish"]
[Black "Mamedyarov, Shakhriyar"]
[Result "1/2-1/2"]
[WhiteElo "2772"]
[BlackElo "2767"]
[Annotator "TA"]
[PlyCount "41"]
[EventDate "2022.01.15"]
[EventType "tourn"]
[EventCountry "NED"]
[SourceTitle "playchess.com"]
[Source "ChessBase"]
[SourceQuality "1"]

1. Nf3 d5 2. d4 Nf6 3. c4 c6 4. e3 e6 5. Bd3 Nbd7 6. O-O Be7 7. Nc3 dxc4 8. Bxc4 b5 9. Bd3 b4 10. Na4 Bb7 11. e4 Rc8 12. a3 c5 13. Nxc5 Nxc5 14. dxc5 Bxc5 15. axb4 Bb6 16. Bb5+ Kf8 17. Qxd8+ Rxd8 18. Be3 Bxe4 19. Bxb6 axb6 20. Ne5 g5 21. Ra7 1/2-1/2

[Event "82nd Tata Steel Masters 2020"]
[Site "Wijk aan Zee"]
[Date "2020.01.13"]
[Round "3.5"]
[White "Firouzja, Alireza"]
[Black "Artemiev, Vladislav"]
[Result "1-0"]
[WhiteElo "2723"]
[BlackElo "2731"]
[Annotator "TA"]
[PlyCount "67"]
[EventDate "2020.01.11"]
[EventType "tourn"]
[EventCountry "NED"]
[SourceTitle "playchess.com"]
[Source "ChessBase"]
[SourceQuality "1"]

1. e4 c6 2. d4 d5 3. e5 Bf5 4. h4 h5 5. c4 e6 6. Nc3 Ne7 7. Nge2 Nd7 8. Ng3 Bg6 9. Bg5 Qb6 10. Rc1 dxc4 11. Bxc4 Nf5 12. O-O Be7 13. Nxf5 Bxf5 14. Bxe7 Kxe7 15. Qd2 Qd8 16. Nd1 Nb6 17. Ne3 Kf8 18. Nxf5 exf5 19. Bb3 Qxh4 20. Rfe1 Rh6 21. e6 fxe6 22. Bxe6 Re8 23. Bxf5 Rxe1+ 24. Rxe1 Qd8 25. Qd3 Kf7 26. Qf3 Qf6 27. Qb3+ Kf8 28. Qa3+ Qd6 29. Qe3 Qd8 30. Qe4 Rf6 31. Bg6 Kg8 32. Qh4 Qd5 33. Re8+ Rf8 34. Re5 1-0

[Event "85th Tata Steel Masters 2023"]
[Site "Wijk aan Zee"]
[Date "2023.01.16"]
[Round "3.5"]
[White "Erigaisi Arjun"]
[Black "Aronian, Levon"]
[Result "1/2-1/2"]
[WhiteElo "2722"]
[BlackElo "2735"]
[Annotator "TA"]
[PlyCount "122"]
[EventDate "2023.01.10"]
[EventType "tourn"]
[EventCountry "NED"]
[SourceTitle "playchess.com"]
[Source "ChessBase"]
[SourceQuality "1"]

1. d4 Nf6 2. c4 e6 3. Nc3 Bb4 4. Qc2 c5 5. dxc5 O-O 6. a3 Bxc5 7. Nf3 d5 8. Bf4 dxc4 9. e3 a6 10. Bxc4 b5 11. Be2 Nbd7 12. O-O Bb7 13. Rfd1 Rc8 14. Rd2 Qb6 15. Rad1 Rfd8 16. Qb1 h6 17. Bg3 Be7 18. Ne5 Nc5 19. Bf3 Rxd2 20. Rxd2 Nce4 21. Nxe4 Bxe4 22. Bxe4 Nxe4 23. Rd1 Nxg3 24. hxg3 Qc7 25. Nd3 Qc2 26. Rc1 Qxb1 27. Rxb1 Rd8 28. Rd1 e5 29. f3 f5 30. Kf1 e4 31. fxe4 fxe4 32. Nf2 Rxd1+ 33. Nxd1 Kf7 34. Nf2 Bf6 35. b3 Be7 36. a4 bxa4 37. bxa4 Ke6 38. Nxe4 Kd5 39. Nd2 Kc5 40. Ke2 Kb4 41. Kd3 Kxa4 42. Kc4 Bg5 43. Nf1 Ka5 44. e4 Kb6 45. Nh2 h5 46. Nf3 Be7 47. e5 Kc6 48. Nd4+ Kd7 49. e6+ Kc7 50. Kd5 a5 51. Nb5+ Kd8 52. Nc3 Bb4 53. Na4 Ke7 54. Nb6 Kf6 55. g4 hxg4 56. Nd7+ Ke7 57. Nb6 Be1 58. Ke5 Bg3+ 59. Kd5 Bh4 60. Ke5 Kd8 61. Nd5 a4 1/2-1/2

[Event "83rd Tata Steel Masters 2021"]
[Site "Wijk aan Zee"]
[Date "2021.01.18"]
[Round "3.5"]
[White "Grandelius, Nils"]
[Black "Harikrishna, Pentala"]
[Result "0-1"]
[WhiteElo "2663"]
[BlackElo "2732"]
[Annotator "TA"]
[PlyCount "76"]
[EventDate "2021.01.16"]
[EventType "tourn"]
[EventCountry "NED"]
[SourceTitle "playchess.com"]
[Source "ChessBase"]
[SourceQuality "1"]

1. e4 e6 2. d4 d5 3. e5 c5 4. c3 Qb6 5. Nf3 Bd7 6. Be2 cxd4 7. cxd4 Bb5 8. O-O Bxe2 9. Qxe2 Nc6 10. Nc3 Nge7 11. Qd3 Rc8 12. Rd1 h6 13. Bd2 Ng6 14. h4 Bb4 15. Na4 Qc7 16. h5 Nge7 17. Bf4 Qa5 18. b3 b5 19. Nb2 Ba3 20. Qe2 O-O 21. Rab1 Rc7 22. Nd3 Qb6 23. b4 a5 24. bxa5 Nxa5 25. Bc1 Bxc1 26. Rdxc1 Rxc1+ 27. Nxc1 Nc4 28. Nb3 Ra8 29. Rc1 Nc6 30. g3 Ra3 31. Kg2 Qa7 32. Rc2 Nb4 33. Rc3 Nxa2 34. Rd3 Rxb3 35. Rxb3 Nc1 36. Qc2 Nxb3 37. Qxb3 Qa4 38. Qb1 b4 0-1

[Event "84th Tata Steel Challengers 2022"]
[Site "Wijk aan Zee"]
[Date "2022.01.17"]
[Round "3.5"]
[White "Jumabayev, Rinat"]
[Black "Van Foreest, Lucas"]
[Result "1-0"]
[WhiteElo "2631"]
[BlackElo "2530"]
[Annotator "TA"]
[PlyCount "87"]
[EventDate "2022.01.15"]
[EventType "tourn"]
[EventCountry "NED"]
[SourceTitle "playchess.com"]
[Source "ChessBase"]
[SourceQuality "1"]

1. d4 d5 2. c4 c6 3. Nf3 Nf6 4. Nc3 e6 5. g3 Nbd7 6. Bg2 dxc4 7. O-O b5 8. e4 Bb7 9. e5 Nd5 10. Ng5 Be7 11. Qh5 g6 12. Qh6 Bf8 13. Qh3 Be7 14. Bxd5 cxd5 15. Nxb5 Qb6 16. Nd6+ Bxd6 17. exd6 Qxd6 18. Re1 Nf8 19. Qh6 Nd7 20. Bf4 Qf8 21. Nxe6 fxe6 22. Rxe6+ Kd8 23. Qh4+ Kc8 24. Rae1 a5 25. Qh6 Qd8 26. Qg7 Rf8 27. Bd6 Ra6 28. Bxf8 Rxe6 29. Rxe6 Nxf8 30. Re7 Nd7 31. Qxh7 c3 32. bxc3 Bc6 33. Re6 Bb5 34. Qf7 Qc7 35. Re8+ Kb7 36. Qxd5+ Bc6 37. Qe6 Nb6 38. Re7 Bd7 39. Qe4+ Ka7 40. Qd3 Qd6 41. Rg7 Qe6 42. c4 g5 43. d5 Qe5 44. Qh7 1-0

[Event "85th Tata Steel Challengers 2023"]
[Site "Wijk aan Zee"]
[Date "2023.01.16"]
[Round "3.5"]
[White "L'Ami, Erwin"]
[Black "Yilmaz, Mustafa"]
[Result "0-1"]
[WhiteElo "2627"]
[BlackElo "2609"]
[Annotator "TA"]
[PlyCount "76"]
[EventDate "2023.01.10"]
[EventType "tourn"]
[EventCountry "NED"]
[SourceTitle "playchess.com"]
[Source "ChessBase"]
[SourceQuality "1"]

1. e4 c5 2. Nf3 d6 3. d4 cxd4 4. Nxd4 Nf6 5. Nc3 a6 6. f4 e5 7. Nf3 Nbd7 8. a4 Qc7 9. g4 exf4 10. g5 Nh5 11. Nd5 Qd8 12. Nxf4 Nxf4 13. Bxf4 Nc5 14. Bc4 Be7 15. e5 Be6 16. exd6 Bxc4 17. Qd4 Ne6 18. Qxc4 Bxd6 19. Bxd6 Qxd6 20. Rd1 Qe7 21. O-O Nxg5 22. Nxg5 Qxg5+ 23. Kh1 O-O 24. Rd7 b5 25. Qd4 Qg6 26. axb5 axb5 27. Qd5 Rae8 28. c3 h6 29. Rb7 Re2 30. Rxb5 Qc2 31. Kg1 Qg6+ 32. Kh1 Qc2 33. Kg1 Rxh2 34. Qf3 Rd2 35. Rf5 Qb3 36. Rf4 Rxb2 37. Rb4 Qa2 38. Rxb2 Qxb2 0-1

[Event "82nd Tata Steel Qualifiers 2020"]
[Site "Wijk aan Zee"]
[Date "2020.01.19"]
[Round "3.5"]
[White "Vogel, Roven"]
[Black "Akash G"]
[Result "1-0"]
[WhiteElo "2465"]
[BlackElo "2461"]
[Annotator "TA"]
[PlyCount "137"]
[EventDate "2020.01.18"]
[EventCountry "NED"]
[SourceTitle "playchess.com"]
[Source "ChessBase"]
[SourceQuality "1"]

1. Nf3 Nf6 2. c4 e6 3. Nc3 Bb4 4. Qc2 O-O 5. a3 Bxc3 6. Qxc3 d6 7. b4 e5 8. d3 Re8 9. Bb2 Nc6 10. e3 d5 11. cxd5 Nxd5 12. Qc5 a6 13. h3 Nb6 14. Nxe5 Nxe5 15. Bxe5 Nd7 16. Bxc7 Qf6 17. Qc1 b5 18. Ra2 Bb7 19. Rc2 Rac8 20. Rg1 Nf8 21. f4 Qh4+ 22. g3 Qh5 23. Kd2 Nd7 24. h4 Nf6 25. Be5 Qf5 26. Bg2 Bxg2 27. Rxg2 Rcd8 28. Bd4 Ng4 29. Re2 h5 30. Kc3 Re7 31. Qd2 Red7 32. Kb2 Nxe3 33. Bxe3 Rxd3 34. Qe1 Qf6+ 35. Rc3 Rd1 36. Qf2 Rb1+ 37. Kxb1 Qxc3 38. Bc1 Qb3+ 39. Rb2 Qxa3 40. Qe3 Qxe3 41. Bxe3 Rd3 42. Bf2 Rc3 43. Ka2 Kh7 44. Re2 Kg6 45. Be1 Rf3 46. Kb2 f6 47. Kc1 Kf5 48. Ra2 Re3 49. Kd1 Re6 50. Re2 Rd6+ 51. Rd2 Re6 52. Rd7 g6 53. Rg7 Re3 54. Rd7 Re6 55. Rd3 Kg4 56. Kd2 f5 57. Re3 Rc6 58. Ke2 Kh3 59. Kf3 Rd6 60. Bf2 Rd4 61. Be1 Rd6 62. Rc3 Rd1 63. Kf2 Rd6 64. Rc7 Kh2 65. Re7 Kh3 66. Kf3 Rd3+ 67. Re3 Rd6 68. Bf2 Rd4 69. Re1 1-0

[Event "Tata Steel Tienkampen 2023"]
[Site "Wijk aan Zee"]
[Date "2023.01.22"]
[Round "3.5"]
[White "Beukema, Stefan"]
[Black "Lopez, Jasel"]
[Result "1-0"]
[WhiteElo "2411"]
[BlackElo "2434"]
[Annotator "TA"]
[PlyCount "81"]
[EventDate "2023.01.20"]
[EventType "swiss"]
[EventCountry "NED"]
[SourceTitle "playchess.com"]
[Source "ChessBase"]
[SourceQuality "1"]

1. e4 c5 2. Nf3 d6 3. d4 cxd4 4. Nxd4 Nf6 5. Nc3 g6 6. Bc4 Bg7 7. f3 a6 8. Be3 Nbd7 9. Qd2 h5 10. O-O-O b5 11. Bb3 Bb7 12. h3 Rc8 13. g4 Nb6 14. Nde2 Nfd7 15. Bd4 Ne5 16. Qf4 e6 17. Qg3 b4 18. Na4 Nxa4 19. Bxa4+ Kf8 20. Bb3 hxg4 21. hxg4 Rxh1 22. Rxh1 g5 23. Kb1 a5 24. Rd1 Qf6 25. f4 gxf4 26. Nxf4 Bxe4 27. Rf1 Kg8 28. Qe1 Bh7 29. Nxe6 Bxc2+ 30. Ka1 Qg6 31. Nxg7 Qxg7 32. Bxf7+ Qxf7 33. Rxf7 Kxf7 34. Bxe5 dxe5 35. Qxe5 Bh7 36. Qd5+ Kf8 37. Qd6+ Ke8 38. Qe6+ Kd8 39. Qf6+ Kd7 40. Qf7+ Kd6 41. Qxh7 1-0

[Event "85th Tata Steel Masters 2023"]
[Site "Wijk aan Zee"]
[Date "2023.01.16"]
[Round "3.6"]
[White "Rapport, Richard"]
[Black "So, Wesley"]
[Result "1/2-1/2"]
[WhiteElo "2740"]
[BlackElo "2760"]
[Annotator "TA"]
[PlyCount "50"]
[EventDate "2023.01.10"]
[EventType "tourn"]
[EventCountry "NED"]
[SourceTitle "playchess.com"]
[Source "ChessBase"]
[SourceQuality "1"]

1. c4 c5 2. Nc3 g6 3. e3 Nf6 4. d4 cxd4 5. exd4 d5 6. Qb3 Bg7 7. cxd5 O-O 8. Be2 Na6 9. Bf3 Qb6 10. Nge2 Qxb3 11. axb3 Rd8 12. Ra5 Bg4 13. Bxg4 Nxg4 14. O-O Nf6 15. Bf4 Nb4 16. d6 e6 17. Rb5 Nbd5 18. Be5 b6 19. Nxd5 Nxd5 20. Nc3 Nf6 21. Ra1 Nd7 22. Ra6 Nb8 23. Ra4 Nd7 24. Ra6 Nb8 25. Ra4 Nd7 1/2-1/2

[Event "84th Tata Steel Masters 2022"]
[Site "Wijk aan Zee"]
[Date "2022.01.17"]
[Round "3.6"]
[White "Esipenko, Andrey"]
[Black "Karjakin, Sergey"]
[Result "1-0"]
[WhiteElo "2714"]
[BlackElo "2743"]
[Annotator "TA"]
[PlyCount "83"]
[EventDate "2022.01.15"]
[EventType "tourn"]
[EventCountry "NED"]
[SourceTitle "playchess.com"]
[Source "ChessBase"]
[SourceQuality "1"]

1. e4 e5 2. Nf3 Nc6 3. Bc4 Bc5 4. c3 Nf6 5. d3 d6 6. O-O h6 7. Re1 O-O 8. h3 a6 9. a4 a5 10. d4 Bb6 11. Bb3 Re8 12. Bc2 Bd7 13. Na3 Qc8 14. Nb5 Na7 15. Na3 Nc6 16. Nb5 Na7 17. c4 Nxb5 18. axb5 exd4 19. Nxd4 c6 20. bxc6 bxc6 21. Bf4 Qa6 22. Bxd6 Qa7 23. c5 Bxc5 24. Bxc5 Qxc5 25. Qd3 g6 26. Rad1 a4 27. Qe3 Qg5 28. f4 Qh4 29. Nf3 Qg3 30. Ne5 Qxe3+ 31. Rxe3 Reb8 32. Nxd7 Nxd7 33. Rxd7 Rxb2 34. Re2 a3 35. Rd1 a2 36. Ra1 c5 37. Kf2 Ra3 38. Ke1 c4 39. Kd2 Rg3 40. Kc1 c3 41. Kd1 h5 42. e5 1-0

[Event "83rd Tata Steel Masters 2021"]
[Site "Wijk aan Zee"]
[Date "2021.01.18"]
[Round "3.6"]
[White "Esipenko, Andrey"]
[Black "Vachier-Lagrave, Maxime"]
[Result "1/2-1/2"]
[WhiteElo "2677"]
[BlackElo "2784"]
[Annotator "TA"]
[PlyCount "65"]
[EventDate "2021.01.16"]
[EventType "tourn"]
[EventCountry "NED"]
[SourceTitle "playchess.com"]
[Source "ChessBase"]
[SourceQuality "1"]

1. e4 c5 2. Nf3 d6 3. d4 cxd4 4. Qxd4 Nc6 5. Qe3 Nf6 6. Be2 g6 7. O-O Bg7 8. Rd1 O-O 9. Nc3 Be6 10. Nd5 Rc8 11. c3 Re8 12. Qf4 Qa5 13. Qh4 Nxd5 14. exd5 Bxd5 15. b4 Bxf3 16. bxa5 Bxe2 17. Rd5 Bxc3 18. Rb1 Nb4 19. Rd4 Bxd4 20. Qxd4 Nc6 21. Qd5 Ba6 22. Bg5 Ne5 23. Be3 Rc3 24. Rb3 Rc2 25. Rb1 Rc3 26. Rb3 Rc2 27. Rb1 Rec8 28. h3 R2c3 29. Rb3 Rc2 30. Rb4 R2c3 31. Rb3 Rc2 32. Rb4 R2c3 33. Rb3 1/2-1/2

[Event "82nd Tata Steel Masters 2020"]
[Site "Wijk aan Zee"]
[Date "2020.01.13"]
[Round "3.6"]
[White "Van Foreest, Jorden"]
[Black "Dubov, Daniil"]
[Result "1-0"]
[WhiteElo "2644"]
[BlackElo "2683"]
[Annotator "TA"]
[PlyCount "92"]
[EventDate "2020.01.11"]
[EventType "tourn"]
[EventCountry "NED"]
[SourceTitle "playchess.com"]
[Source "ChessBase"]
[SourceQuality "1"]

1. e4 c5 2. Nf3 Nc6 3. c3 Nf6 4. e5 Nd5 5. Bc4 Nb6 6. Bb3 c4 7. Bc2 d5 8. exd6 Qxd6 9. O-O g6 10. Na3 Bg7 11. b3 cxb3 12. axb3 O-O 13. d4 Bg4 14. h3 Bxf3 15. Qxf3 e5 16. Nb5 Qd7 17. Rd1 a6 18. d5 Nb4 19. Na3 Nxc2 20. Nxc2 Rac8 21. c4 f5 22. Ba3 Rf7 23. Rac1 Re8 24. c5 e4 25. Qe2 Nc8 26. Qc4 Na7 27. Nd4 f4 28. Ne6 Nb5 29. Bb4 e3 30. Ng5 exf2+ 31. Kxf2 Qf5 32. Nxf7 Re4 33. c6 Kxf7 34. cxb7 Rxc4 35. bxc4 Qe5 36. cxb5 Qb2+ 37. Kf1 Be5 38. d6 f3 39. gxf3 Qb3 40. Ke2 Qe6 41. Rc7+ Kf6 42. b8=Q Bf4+ 43. Kd3 Qd5+ 44. Kc2 Qa2+ 45. Kc3 Be5+ 46. Kd3 Qb3+ 1-0